The king of destiny /

Based on the life of Henry VII.

Saved in:
Bibliographic Details
Main Author: Sudworth, Gwynedd
Format: Book
Language:English
Published: London : Hale, 1973.
LEADER 00855nam a2200241 i 4500
001 c000078428
003 CARM
005 00000000000000.0
008 731123s1973 enk 00011 eng d
015 |a B7330395 
019 1 |a 3553360  |5 LACONCORD2021 
020 |a 0709137869 :  |c L.1.80 
035 |a (OCoLC)59701210  |5 LACONCORD2021 
100 1 |a Sudworth, Gwynedd. 
245 1 4 |a The king of destiny /  |c Gwynedd Sudworth. 
260 |a London :  |b Hale,  |c 1973. 
300 |a 238 p. ;  |c 21cm. 
500 |a Fiction in English, 1900-. Texts (BNB/PRECIS) 
520 |a Based on the life of Henry VII. 
852 8 |b CARM  |h A2:AB09h0  |i B02338  |p 0099400  |f BK 
082 0 4 |a 823/.9/1  |2 18 
999 f f |i 44e4fcd1-3b33-5829-a804-1c5b780b1379  |s a9a5cbb6-e20d-56d1-b5d9-63d6c21011be 
952 f f |p Can circulate  |a CAVAL  |b CAVAL  |c CAVAL  |d CARM 1 Store  |e B02338  |f A2:AB09h0  |h Other scheme  |i book  |m 0099400